000 00315nam a22001337a 4500
008 181024b xxu||||| |||| 00| 0 eng d
020 _a9780135031063
041 _aeng
080 _a610
100 _a4
101 _aSHM
245 _aAdvanced Emt A clinical Reasoning Approach
_cMelisa.A
942 _2udc
_cBK
999 _c50783
_d50783